[Event "38th Olympiad"]
[Site "Dresden GER"]
[Date "2008.11.13"]
[Round "1"]
[White "Corbin,Ph"]
[Black "Jaquez,J"]
[Result "1-0"]
[WhiteElo "2176"]
[BlackElo "2223"]
[EventDate "2008.11.13"]

1. e4 e6 2. Nf3 d5 3. e5 c5 4. b4 cxb4 5. a3 Nc6 6. axb4 Bxb4 7. c3 Bf8 8.
d4 Nge7 9. h4 Bd7 10. Na3 a6 11. Bd3 h6 12. Qb3 Na5 13. Qa2 b5 14. O-O Nc8
15. h5 Nb6 16. Bf4 Na4 17. Bd2 Rc8 18. Rfc1 Be7 19. Rab1 Bxa3 20. Qxa3 Qe7
21. Qa2 Nc4 22. Bf4 Bc6 23. Rb3 Qc7 24. Bb1 Na5 25. Rb4 Bd7 26. Bd2 Nc4 27.
Bf4 a5 28. Rb3 Rb8 29. Nd2 f5 30. Qc2 O-O 31. Qd3 Be8 32. g4 Qe7 33. Nf3
Na3 34. Rxa3 Qxa3 35. Nh4 Rc8 36. Bd2 Qe7 37. gxf5 Qxh4 38. f6 Rxf6 39.
Qh7+ Kf8 40. exf6 Qxf6 41. Bg6 Ke7 42. Bxh6 Bxg6 43. hxg6 Kd6 44. Qxg7 Qxg7
45. Bxg7 Nxc3 46. Rxc3 Rxc3 47. Bf8+ Kc6 48. g7 Rc1+ 49. Kg2 b4 50. g8=Q
Re1 51. Qg3 Kb5 52. Qb3 Rc1 53. Qe3 Rc6 54. Bc5 Kc4 55. Qe2+ Kc3 56. Qb5
Rc8 57. Qxa5 Rb8 58. Kf3 1-0

[Event "38th Olympiad"]
[Site "Dresden GER"]
[Date "2008.11.13"]
[Round "1"]
[White "Matoewi,R"]
[Black "Obodchuk,A"]
[Result "0-1"]
[WhiteElo "2182"]
[BlackElo "2434"]
[EventDate "2008.11.13"]

1. e4 c5 2. Nf3 d6 3. d4 cxd4 4. Nxd4 Nf6 5. Nc3 Nc6 6. Be2 g6 7. O-O Bg7
8. Be3 O-O 9. a4 d5 10. exd5 Nb4 11. d6 Qxd6 12. Ndb5 Qb8 13. Bc5 Nc6 14.
Bf3 a6 15. Nd4 Nxd4 16. Qxd4 Ng4 17. Qd1 0-1

[Event "38th Olympiad"]
[Site "Dresden GER"]
[Date "2008.11.13"]
[Round "1"]
[White "Siban,M"]
[Black "Yarmonov,I"]
[Result "0-1"]
[WhiteElo "2067"]
[BlackElo "2322"]
[EventDate "2008.11.13"]

1. e4 e5 2. Nf3 Nc6 3. Bc4 Bc5 4. d3 h6 5. Nc3 a6 6. a3 d6 7. h3 Nf6 8. O-O
Qe7 9. Nd5 Nxd5 10. Bxd5 O-O 11. Be3 Nd8 12. Nh2 Ne6 13. Qd2 c6 14. Bxe6
Bxe6 15. Bxc5 dxc5 16. f4 exf4 17. Qxf4 Rad8 18. Qe3 Rfe8 19. Rae1 Qg5 20.
Qxg5 hxg5 21. Rd1 f6 22. Ng4 Bxg4 23. hxg4 Kf7 24. Rde1 c4 25. Rf3 cxd3 26.
Rxd3 c5 27. Kf2 c4 28. Rxd8 Rxd8 29. Ke3 Ke6 30. Rf1 g6 31. Rh1 Rd6 32. Rh8
Rb6 33. Rc8 Rxb2 34. Rxc4 Ke5 35. Rc5+ Kd6 36. Rc3 Ra2 37. Kd3 Ke5 38. Ke3
b6 39. Kf3 a5 40. Ke3 a4 41. g3 Ra1 42. Kd3 Rd1+ 43. Kc4 Kxe4 44. Kb5 Rb1+
45. Kxa4 f5 46. Rc6 Kf3 47. gxf5 gxf5 48. Rc3+ Kg4 49. Rd3 Rg1 50. Kb5 Rxg3
51. Rd4+ f4 52. Kxb6 Rxa3 53. c4 Rb3+ 54. Kc6 Kg3 55. c5 f3 56. Kd7 f2 57.
Rd1 Re3 58. c6 Re1 59. Rd3+ Kg4 60. Rd4+ Kh5 61. c7 f1=Q 62. c8=Q Qf5+ 0-1

[Event "38th Olympiad"]
[Site "Dresden GER"]
[Date "2008.11.13"]
[Round "1"]
[White "Bondarets,V"]
[Black "Veer,W"]
[Result "1-0"]
[WhiteElo "2345"]
[BlackElo "1959"]
[EventDate "2008.11.13"]

1. e4 e6 2. d4 d5 3. Nd2 Nf6 4. e5 Nfd7 5. Bd3 c5 6. c3 Nc6 7. Ne2 Qb6 8.
Nf3 cxd4 9. cxd4 Qb4+ 10. Qd2 Qxd2+ 11. Bxd2 Bb4 12. a3 Be7 13. O-O Nb6 14.
b4 Bd7 15. Rfc1 Rc8 16. b5 Nd8 17. Rxc8 Nxc8 18. Bb4 h6 19. Bxe7 Kxe7 20.
Nd2 b6 21. Rc1 Nb7 22. f4 Kd8 23. Rc3 Na5 24. Nf1 Ne7 25. Ne3 h5 26. Nc1 g6
27. Na2 Bc8 28. g3 Bb7 29. h3 Kd7 30. g4 hxg4 31. hxg4 Rc8 32. Rxc8 Bxc8
33. Nc3 Nb3 34. Ne2 Kd8 35. Kf2 Bd7 36. Kg3 Ke8 37. Kh4 Kf8 38. Kg5 Kg7 39.
f5 gxf5 40. gxf5 exf5 41. a4 Be6 42. Bxf5 Nd2 43. Bd3 Kf8 44. Ng2 Ng8 45.
Kf4 Ke7 46. Ke3 Nf1+ 47. Kf2 Nd2 48. Nc3 Kd7 49. Ke3 Nb3 50. Bc2 Na5 51.
Bb1 Nc4+ 52. Ke2 f6 53. exf6 Nxf6 54. Ba2 Kd6 55. Bxc4 dxc4 56. Ne3 Bf7 57.
Kd2 Bg8 58. Kc1 Kc7 59. Kb2 Kb7 60. Ka3 a6 61. bxa6+ Kxa6 62. Kb4 Bf7 63.
Nxc4 Be8 64. Nd6 Bd7 65. Kc4 Be6+ 66. Kb4 Bd7 67. Ndb5 Kb7 68. Kc4 Ka6 69.
Kb4 Kb7 70. d5 Nxd5+ 71. Nxd5 Bg4 72. Ne3 Bd7 73. Nc4 Bg4 74. Ne3 Bd7 75.
Nd5 Bg4 76. Ndc3 Bd7 77. Nd6+ Kc7 78. Ncb5+ Kc6 79. Nf7 Bh3 80. Nd4+ Kb7
81. Ne5 Bf1 82. Nc4 Bh3 83. Ne5 Bf1 84. Ne6 Be2 85. Nf4 Bd1 86. Nd5 Bc2 87.
Nc3 Kc7 88. Nb5+ Kb7 89. Nc4 Bxa4 90. Kxa4 Kc6 91. Kb4 Kd5 92. Nd2 Ke6 93.
Kc4 Ke5 94. Nf3+ Ke4 95. Nfd4 Ke5 96. Kd3 Kd5 97. Nb3 Ke5 98. Kc4 Ke4 99.
Nd2+ Ke5 100. Nb1 Ke4 101. N1c3+ Ke5 102. Kd3 Kf5 103. Kd4 Kf4 104. Ne2+
Kf5 105. Kd5 Kf6 106. Ned4 Kg5 107. Ke4 Kf6 108. Kf4 Kg6 109. Nf3 Kf6 110.
Ng5 Kg6 111. Ne4 Kg7 112. Ke5 Kf7 113. Kd6 Kg6 114. Ke6 Kg7 115. Ned6 Kg6
116. Nf7 Kh5 117. Kf5 Kh4 118. Kf4 Kh5 119. Ne5 Kh6 120. Kg4 Kh7 121. Kh5
Kg7 122. Kg5 Kh7 123. Ng4 Kg7 124. Nh6 Kh7 125. Nf5 Kg8 126. Kf6 Kf8 127.
Ng7 Kg8 128. Ne6 Kh7 129. Kg5 Kh8 130. Kg6 Kg8 1-0

[Event "38th Olympiad"]
[Site "Dresden GER"]
[Date "2008.11.13"]
[Round "1"]
[White "Kakageldyev,A"]
[Black "Phillips,R"]
[Result "1-0"]
[WhiteElo "2449"]
[BlackElo "2250"]
[EventDate "2008.11.13"]

1. d4 Nf6 2. c4 g6 3. Nc3 d6 4. e4 Bg7 5. Nge2 a6 6. Ng3 c6 7. a4 a5 8. Be2
Na6 9. O-O O-O 10. Be3 h5 11. f3 e5 12. d5 h4 13. Nh1 Nh5 14. g3 f5 15.
exf5 gxf5 16. f4 exf4 17. gxf4 Nf6 18. Nf2 Qe7 19. Qd2 Re8 20. Ncd1 Nb4 21.
Bf3 Ne4 22. Bxe4 fxe4 23. Kh1 Kh7 24. Rg1 Bf6 25. Qe2 Qf7 26. Ng4 Bxg4 27.
Qxg4 Rg8 28. Qf5+ Kh8 29. Rxg8+ Rxg8 30. Qxe4 cxd5 31. cxd5 Qxd5 32. Qxd5
Nxd5 33. Bd2 h3 34. Ra3 Re8 35. Rxh3+ Kg7 36. Rd3 Nb4 37. Rxd6 Re2 38. Nc3
Rf2 39. Ne4 Rf1+ 40. Kg2 1-0

[Event "38th Olympiad"]
[Site "Dresden GER"]
[Date "2008.11.13"]
[Round "1"]
[White "Chinasamy,D"]
[Black "Amanov,M"]
[Result "0-1"]
[WhiteElo "2086"]
[BlackElo "2357"]
[EventDate "2008.11.13"]

1. e4 c5 2. Nc3 Nc6 3. f4 g6 4. Nf3 Bg7 5. Bb5 Nd4 6. Bc4 e6 7. d3 Ne7 8.
e5 O-O 9. O-O d5 10. exd6 Qxd6 11. Nxd4 Qxd4+ 12. Kh1 Nf5 13. Qf3 Rb8 14.
a4 b6 15. Bb5 Qd8 16. Ne2 a6 17. Bc4 Bb7 18. Qh3 b5 19. axb5 axb5 20. Bb3
Ra8 21. Rxa8 Qxa8 22. c3 Rd8 23. Kg1 h5 24. Rd1 Bf6 25. Rf1 Nh4 26. Rf2 c4
27. dxc4 bxc4 28. Bc2 Be4 29. Nd4 Rxd4 30. cxd4 Bxc2 31. Rxc2 Qe4 0-1

[Event "38th Olympiad"]
[Site "Dresden GER"]
[Date "2008.11.13"]
[Round "1"]
[White "Boshku,H"]
[Black "Paciencia,E"]
[Result "0-1"]
[WhiteElo "2308"]
[BlackElo "2440"]
[EventDate "2008.11.13"]

1. d4 Nf6 2. c4 e6 3. Nc3 Bb4 4. Qc2 O-O 5. a3 Bxc3+ 6. Qxc3 b6 7. Bg5 Bb7
8. f3 d5 9. e3 Nbd7 10. cxd5 exd5 11. Nh3 Re8 12. O-O-O Qe7 13. Kb1 Rac8
14. Bd3 h6 15. Bh4 c5 16. dxc5 bxc5 17. Bf5 Rc6 18. Bxd7 Qxd7 19. Bxf6 Qf5+
20. Ka1 Qxf6 21. Rc1 d4 22. exd4 cxd4 23. Qd2 Rb6 24. Nf4 Re3 25. Nd3 Ba6
26. Nb4 Re2 27. Qd1 Qe5 28. Nxa6 Rbxb2 29. Rc8+ Kh7 30. Qd3+ g6 31. Nb4
Rbd2 32. f4 Qe6 33. Qh3 Ra2+ 34. Kb1 Reb2+ 35. Kc1 Qe2 36. Qd3 Ra1+ 0-1

[Event "38th Olympiad"]
[Site "Dresden GER"]
[Date "2008.11.13"]
[Round "1"]
[White "Goh Weiming"]
[Black "Mehmeti,D"]
[Result "1/2-1/2"]
[WhiteElo "2420"]
[BlackElo "2403"]
[EventDate "2008.11.13"]

1. e4 c5 2. Nf3 d6 3. d4 cxd4 4. Nxd4 Nf6 5. Nc3 a6 6. Bg5 Nc6 7. Qd2 e6 8.
O-O-O h6 9. Nxc6 bxc6 10. Bf4 d5 11. Qe3 Bb4 12. Be2 Qa5 13. Be5 Bxc3 14.
Bxc3 Qxa2 15. Bd3 dxe4 16. Bxf6 gxf6 17. Bxe4 Qa1+ 18. Kd2 Qa5+ 19. Ke2 Rb8
20. Rd3 Qh5+ 21. Bf3 Qe5 22. Bxc6+ Ke7 23. b3 a5 24. c4 Rd8 25. Rhd1 Qxe3+
26. Kxe3 Rxb3 27. Rxb3 Rxd1 28. Ra3 Ba6 29. c5 e5 30. Be4 Re1+ 31. Kf3 Ke6
32. Rxa5 Be2+ 33. Kg3 f5 34. Bf3 f4+ 35. Kh3 Bxf3 36. gxf3 Rc1 37. Ra6+ Kf5
38. Rxh6 Rxc5 39. Kg2 Rc8 40. Rh5+ Kf6 41. Rh6+ Kg5 42. Ra6 Rg8 43. Kf1 Re8
44. Rb6 f5 45. Rb5 Kf6 46. Rb6+ Kg5 47. Rb5 Re6 48. Rb8 e4 49. Ke2 Ra6 50.
Rg8+ Kh5 51. fxe4 fxe4 52. f3 Ra2+ 53. Ke1 exf3 54. Kf1 f2 55. Rg7 Kh4 56.
Rg8 Kh3 57. Rg7 Kxh2 58. Rg4 Kh3 59. Rxf4 Kg3 60. Rf3+ 1/2-1/2

[Event "38th Olympiad"]
[Site "Dresden GER"]
[Date "2008.11.13"]
[Round "1"]
[White "Rama,L"]
[Black "Chan Wei Xuan,T"]
[Result "0-1"]
[WhiteElo "2297"]
[BlackElo "2264"]
[EventDate "2008.11.13"]

1. c4 Nf6 2. Nf3 e6 3. g3 b6 4. Bg2 Bb7 5. O-O d5 6. d4 Be7 7. Nc3 O-O 8.
cxd5 exd5 9. Ne5 Nbd7 10. Qa4 Nb8 11. Rd1 Ne4 12. Nxe4 dxe4 13. d5 Bd6 14.
Nc6 Qd7 15. Bxe4 Na6 16. Qc2 f5 17. Bf3 Nc5 18. Nd4 Ne4 19. Ne6 Rf6 20. Bf4
Rc8 21. Bxe4 fxe4 22. Bxd6 Bxd5 23. Rxd5 Qxe6 24. Rd4 cxd6 25. Qxe4 Qxe4
26. Rxe4 Rc2 27. b3 Kf7 28. Kf1 Re6 29. Rf4+ Ke7 30. e3 Rf6 31. Rxf6 Kxf6
32. Rd1 Ke5 33. a3 Ra2 34. a4 Rb2 35. Rd3 Ke4 36. Rd4+ Ke5 37. Rb4 Kd5 38.
Kg2 Kc5 39. Rc4+ Kd5 40. Rb4 Kc5 41. Rb5+ Kc6 42. e4 a6 43. Rb4 b5 44.
axb5+ axb5 45. e5 dxe5 46. Rh4 h6 47. b4 Kd5 48. Rg4 e4 49. Rxg7 Rxb4 50.
Rh7 Rb2 51. Kg1 b4 52. Rxh6 b3 53. Rb6 Kc4 54. h4 Rd2 55. g4 b2 56. h5 Rd1+
57. Kg2 b1=Q 58. Rxb1 Rxb1 59. Kg3 Kd5 60. Kf4 Rh1 61. Kg5 Rh2 0-1

[Event "38th Olympiad"]
[Site "Dresden GER"]
[Date "2008.11.13"]
[Round "1"]
[White "Rizouk,A"]
[Black "Mannhart,M"]
[Result "1-0"]
[WhiteElo "2507"]
[BlackElo "2154"]
[EventDate "2008.11.13"]

1. e4 g6 2. d4 Bg7 3. Nc3 c6 4. Nf3 d6 5. Be3 Nd7 6. h3 e5 7. dxe5 dxe5 8.
Bc4 Qe7 9. Ng5 Nh6 10. Qd2 Nb6 11. Bb3 f6 12. O-O-O Bd7 13. Nf3 Nf7 14.
Bxb6 axb6 15. Qxd7+ Qxd7 16. Rxd7 Kxd7 17. Bxf7 Ke7 18. Bb3 Rhd8 19. Ne2 b5
20. c3 Rd7 21. h4 h5 22. Rg1 Bh6+ 23. Kb1 Rad8 24. Bc2 Kf7 25. g4 hxg4 26.
Rxg4 Bf8 27. Rg2 Be7 28. Ng3 c5 29. h5 g5 30. a4 bxa4 31. Bxa4 Rd3 32. Bb3+
Kf8 33. Nh2 c4 34. Bxc4 Rd1+ 35. Ka2 Rc8 36. Bd5 b5 37. Nf5 b4 38. h6 1-0

[Event "38th Olympiad"]
[Site "Dresden GER"]
[Date "2008.11.13"]
[Round "1"]
[White "Goutali,T"]
[Black "Muendle,K"]
[Result "1-0"]
[WhiteElo "2225"]
[BlackElo "1928"]
[EventDate "2008.11.13"]

1. e4 e6 2. d3 d5 3. Nd2 dxe4 4. dxe4 Be7 5. Ngf3 Nf6 6. g3 Bd7 7. Bg2 O-O
8. O-O c5 9. Qe2 Nc6 10. e5 Nd5 11. Ne4 Nd4 12. Qd1 Nxf3+ 13. Qxf3 Bc6 14.
Qe2 Qc7 15. c4 Nb6 16. Bf4 Rfd8 17. Rad1 Rd7 18. Nf6+ Bxf6 19. exf6 Qd8 20.
Bxc6 bxc6 21. fxg7 Qe8 22. Bd6 Rad8 23. Bxc5 Rxd1 24. Rxd1 Rxd1+ 25. Qxd1
Nxc4 26. Qd4 Nb6 27. Bxb6 axb6 28. Qxb6 Qd7 29. Qb3 Qd2 30. Kg2 Qd4 31. a3
c5 32. h4 c4 33. Qc3 Qe4+ 34. Kh2 e5 35. a4 Qe2 36. Kg2 Qe4+ 37. Kg1 Qb1+
38. Kh2 Qf1 39. Qe3 f6 40. a5 Qa1 41. Qb6 Kxg7 42. a6 1-0

[Event "38th Olympiad"]
[Site "Dresden GER"]
[Date "2008.11.13"]
[Round "1"]
[White "Studer,K"]
[Black "Haddouche,M"]
[Result "0-1"]
[WhiteElo "1908"]
[BlackElo "2333"]
[EventDate "2008.11.13"]

1. e4 e5 2. Nf3 d6 3. Bc4 Be7 4. O-O Nf6 5. Re1 O-O 6. h3 c6 7. Nc3 b5 8.
Bf1 b4 9. Na4 Nbd7 10. b3 Re8 11. c4 Bf8 12. d3 d5 13. Qc2 Bb7 14. Bg5 h6
15. Bh4 dxe4 16. dxe4 g5 17. Bg3 Nh5 18. c5 Qe7 19. Rac1 Bg7 20. Bh2 Nf8
21. g3 Ne6 22. Bg2 Ba6 23. Red1 Rad8 24. Rxd8 Rxd8 25. Rd1 Rxd1+ 26. Qxd1
Nxc5 27. Nxc5 Qxc5 28. Ne1 Nf6 29. g4 Qe7 30. Nc2 Bf8 31. Ne3 Nd7 32. Bg3
Qe6 33. Nf5 c5 34. Ne3 Nb6 35. Nd5 Qd6 36. Qf3 Bg7 37. Ne3 Qe6 38. Qd1 Bf8
39. Nd5 Bb7 40. Nc7 Qd6 41. Qxd6 Bxd6 42. Ne8 Bb8 43. Nf6+ Kg7 44. Nd5 Nxd5
45. exd5 Kf6 46. Be4 Ba6 47. h4 Ke7 48. f3 Kd6 49. hxg5 hxg5 50. Be1 Bb7
51. Bd2 f6 52. Kf2 a5 53. Ke3 Ba7 54. Kd3 Ba6+ 55. Kc2 c4 56. Bc1 c3 57. a4
Bb7 58. Kd3 Bxd5 59. Kc2 Bxe4+ 60. fxe4 Bg1 61. Kd3 Kc5 0-1

[Event "38th Olympiad"]
[Site "Dresden GER"]
[Date "2008.11.13"]
[Round "1"]
[White "Kim,Alex"]
[Black "Samakov,N"]
[Result "0-1"]
[WhiteElo "2481"]
[BlackElo "2340"]
[EventDate "2008.11.13"]

1. e4 c5 2. Nf3 e6 3. g3 Nc6 4. Bg2 Nf6 5. d3 d5 6. Qe2 Be7 7. O-O O-O 8.
e5 Nd7 9. c4 d4 10. h4 Re8 11. Bf4 Nf8 12. h5 f5 13. exf6 Bxf6 14. Ne5 Nxe5
15. Bxe5 Nd7 16. Bxf6 gxf6 17. Nd2 Rb8 18. Rae1 Kh8 19. Ne4 Qe7 20. Qd2 b6
21. Qf4 Bb7 22. Nd6 Bxg2 23. Kxg2 Rf8 24. Nf5 Qf7 25. Nh6 Qe8 26. Re2 Rd8
27. Rfe1 e5 28. Qf5 Qe7 29. f4 Qg7 30. Ng4 Rg8 31. Kh3 Rdf8 32. Rg1 Re8 33.
Rgg2 Rgf8 34. Rgf2 Qe7 35. Re4 Qe6 36. Qxe6 Rxe6 37. Ree2 Rfe8 38. fxe5
fxe5 39. Rf7 R6e7 40. Rxe7 Rxe7 41. Kg2 Kg7 42. Kf3 Kf7 43. Nf2 Nf6 44. g4
Ke6 45. Nh3 Rg7 46. Rg2 h6 47. Nf2 Rf7 48. Ke2 Nh7 49. Ne4 Rf4 50. g5 Nxg5
51. Nxg5+ hxg5 52. Rxg5 Rh4 53. Kf3 Kf6 54. Rg6+ Kf5 55. Rg7 Rxh5 56. Rf7+
Ke6 57. Rxa7 Rh3+ 58. Ke2 Rh2+ 59. Kd1 Rxb2 60. Kc1 Rh2 61. Ra8 Kf5 62.
Rf8+ Kg4 63. a4 Ra2 64. Rf6 Rxa4 65. Rxb6 Kf4 66. Re6 Ke3 67. Kc2 Ra2+ 68.
Kb3 Ra1 69. Kc2 Ra2+ 70. Kb3 Rh2 71. Rxe5+ Kxd3 72. Rxc5 Rh1 73. Kb2 Rh8
74. Kb3 Rh1 75. Kb2 Rg1 76. Rh5 Kxc4 77. Rh3 Re1 78. Kc2 Re3 79. Rh4 Re2+
80. Kd1 Re3 81. Kc2 Ra3 82. Rh8 Ra2+ 83. Kb1 Re2 84. Rc8+ Kd3 85. Rh8 Kd2
86. Kb2 Rf2 87. Rh1 d3 88. Rh3 Rf8 89. Rh2+ Ke3 90. Rh3+ Ke2 91. Rh2+ Rf2
92. Rh8 Kd2 93. Rh7 Rf8 94. Rh2+ Ke3 95. Rh3+ Ke2 96. Rh2+ Rf2 97. Rh8 d2
98. Re8+ Kd1 0-1

[Event "38th Olympiad"]
[Site "Dresden GER"]
[Date "2008.11.13"]
[Round "1"]
[White "Davletbakov,S"]
[Black "Chung,S"]
[Result "1-0"]
[WhiteElo "2145"]
[BlackElo "1828"]
[EventDate "2008.11.13"]

1. e4 e6 2. d3 d5 3. Nd2 c5 4. Ngf3 Nc6 5. g3 g6 6. Bg2 Bg7 7. O-O Nge7 8.
Re1 O-O 9. e5 Qc7 10. Qe2 b5 11. Nf1 Bd7 12. h4 h6 13. N1h2 Kh7 14. Ng4 Ng8
15. Bf4 Rab8 16. c3 b4 17. Nf6+ Kh8 18. Qe3 Nce7 19. Nxd7 Qxd7 20. Qxc5
Rfc8 21. Qd4 bxc3 22. Be3 Nc6 23. Qxc3 Nb4 24. Qd2 Nc2 25. Rab1 Nxe1 26.
Rxe1 Kh7 27. d4 Ne7 28. Bf1 Qa4 29. b3 Qa3 30. Bd3 Nf5 31. Bf4 Bf8 32. Qe2
Bb4 33. Rd1 Bc3 34. Bb1 Qb2 35. Qd3 Qa3 36. g4 Ne7 37. h5 Kg7 38. Bxh6+
Kxh6 39. Qe3+ Kg7 40. h6+ Kh8 41. Ng5 Rf8 42. Qxc3 Ng8 43. h7 Nh6 44. Qh3
Kg7 45. Kg2 Qe7 46. Qh4 f6 47. Rh1 Nxg4 48. Nf3 Nxf2 49. Qh6+ Kh8 50. Nh4
Qg7 51. Nxg6+ Qxg6+ 52. Bxg6 Ng4 53. Qf4 f5 54. Rc1 Rbc8 55. Bh5 Rxc1 56.
Qxc1 Kxh7 57. Qc7+ Kh6 58. Qe7 Rb8 59. Bxg4 fxg4 60. Qxe6+ 1-0

[Event "38th Olympiad"]
[Site "Dresden GER"]
[Date "2008.11.13"]
[Round "1"]
[White "Ali,Ab"]
[Black "Hamperl,F"]
[Result "1/2-1/2"]
[WhiteElo "2130"]
[BlackElo "2076"]
[EventDate "2008.11.13"]

1. d4 Nf6 2. c4 c5 3. d5 e6 4. Nc3 exd5 5. cxd5 d6 6. e4 g6 7. h3 Bg7 8.
Nf3 a6 9. a4 Nbd7 10. Bd3 Nh5 11. O-O Ne5 12. Nxe5 Bxe5 13. f4 Bd4+ 14. Kh2
O-O 15. g4 Ng7 16. Ne2 Bf6 17. g5 Be7 18. Bc2 f5 19. gxf6 Bxf6 20. Ra3 Rb8
21. Re3 Re8 22. Rg3 Kh8 23. Kh1 Nh5 24. Rgf3 b5 25. axb5 axb5 26. Ng3 Nxg3+
27. Rxg3 Rb7 28. f5 gxf5 29. exf5 Rg8 30. Rfg1 Rbg7 31. Qd3 Rxg3 32. Rxg3
Rxg3 33. Qxg3 Be5 34. Qf2 Qf6 35. Bd3 Bb7 36. Qg2 c4 37. Be4 Qg7 38. Qf2
Bd4 39. Qg2 Qxg2+ 40. Kxg2 Kg7 41. Kf3 b4 42. h4 b3 43. h5 c3 44. bxc3 Bxc3
45. Bg5 Bf6 46. Bf4 b2 47. h6+ Kh8 48. Bb1 Bxd5+ 49. Ke3 Be5 50. Bg5 Kg8
51. Kd3 Kf7 52. Kd2 Bb3 53. Kd3 d5 54. Kd2 d4 55. Kd3 Bd5 56. Kc2 Be4+ 57.
Kxb2 d3+ 58. Kc1 Bxf5 59. Kd2 Kg6 60. Be3 Bd6 1/2-1/2

[Event "38th Olympiad"]
[Site "Dresden GER"]
[Date "2008.11.13"]
[Round "1"]
[White "Ozanne,M2"]
[Black "Hassan,Ab"]
[Result "0-1"]
[WhiteElo "2042"]
[BlackElo "2287"]
[EventDate "2008.11.13"]

1. e4 e6 2. d4 d5 3. Nc3 Bb4 4. exd5 exd5 5. Qf3 Nc6 6. Bb5 Nge7 7. Bg5 f6
8. Bf4 a6 9. Bxc6+ bxc6 10. Nge2 O-O 11. O-O Bf5 12. Rac1 Qd7 13. a3 Bd6
14. h3 g5 15. Bxd6 cxd6 16. Ng3 Bg6 17. Rfe1 Rae8 18. Qe2 f5 19. Qxa6 f4
20. Nf1 f3 21. g4 h5 22. Ne3 hxg4 23. hxg4 Rf4 24. Qf1 Rxg4+ 25. Nxg4 Qxg4+
26. Kh2 Kf7 0-1

[Event "38th Olympiad"]
[Site "Dresden GER"]
[Date "2008.11.13"]
[Round "1"]
[White "Othman,A"]
[Black "Kirby,P"]
[Result "1/2-1/2"]
[WhiteElo "2336"]
[BlackElo "2049"]
[EventDate "2008.11.13"]

1. d4 Nf6 2. c4 g6 3. Nc3 d5 4. g3 c6 5. Nf3 Bg7 6. Bg2 O-O 7. cxd5 cxd5 8.
Ne5 e6 9. O-O Nbd7 10. Nxd7 Bxd7 11. Bf4 Bc6 12. Be5 Ne4 13. Bxg7 Nxc3 14.
bxc3 Kxg7 15. Qb3 Qa5 16. a4 b5 17. axb5 Qxb5 18. Qa2 a5 19. Rfc1 Rfc8 20.
Bf1 Qb6 21. Rab1 Qa7 22. e3 Rab8 23. Ra1 Bb5 24. Bg2 Ra8 25. e4 Bc4 26. Qd2
h6 27. h4 a4 28. h5 a3 29. hxg6 fxg6 30. Re1 Qc7 31. Kh2 Rcb8 32. exd5 Rb2
33. Qe3 Bxd5 1/2-1/2

[Event "38th Olympiad"]
[Site "Dresden GER"]
[Date "2008.11.13"]
[Round "1"]
[White "Brookfield,T"]
[Black "AlHuwar,J"]
[Result "0-1"]
[WhiteElo "1763"]
[BlackElo "2230"]
[EventDate "2008.11.13"]

1. e4 e6 2. Nf3 d5 3. e5 c5 4. b4 cxb4 5. a3 bxa3 6. d4 Nc6 7. c3 f5 8. Bd3
Nh6 9. O-O Nf7 10. Bxa3 Bxa3 11. Nxa3 g5 12. h3 O-O 13. Nb5 a6 14. Qd2 Kh8
15. Qe2 Rg8 16. Rfe1 Rb8 17. Na3 Ne7 18. g4 Ng6 19. Reb1 Nf4 20. Qf1 b5 21.
Bxb5 axb5 22. Nxb5 Bd7 23. Nd6 Be8 24. Ra7 Nxd6 25. exd6 Qxd6 26. Ne5 Rg7
27. Rba1 Rxa7 28. Rxa7 Qb6 29. Re7 Qb2 30. Qe1 Nxh3+ 31. Kh1 Nxf2+ 32. Kg1
Nh3+ 33. Kf1 Nf4 0-1

[Event "38th Olympiad"]
[Site "Dresden GER"]
[Date "2008.11.13"]
[Round "1"]
[White "Al Qudaimi,B"]
[Black "Jacobusse,W"]
[Result "1-0"]
[WhiteElo "2464"]
[BlackElo "1999"]
[EventDate "2008.11.13"]

1. e4 c6 2. d4 d5 3. exd5 cxd5 4. c4 e6 5. Nc3 Nf6 6. c5 Nc6 7. Nf3 Be7 8.
Bd3 h6 9. a3 O-O 10. b4 a6 11. O-O Nd7 12. Re1 Bf6 13. Bc2 Re8 14. Qd3 Nf8
15. Bf4 Ng6 16. Bg3 Nce7 17. Na4 Bd7 18. Nb6 Bb5 19. Qd2 Ra7 20. a4 Bd7 21.
Bd3 Nf8 22. b5 a5 23. Rac1 Nf5 24. Bxf5 exf5 25. Nxd5 Ne6 26. b6 Ra8 27.
Bc7 Bg5 28. Qc2 Bxa4 29. Qa2 Qd7 30. Ne5 Qc8 31. Qxa4 Bxc1 32. Rxc1 f6 33.
Nf3 Kf7 34. Nd2 Kg6 35. Nc4 Nxd4 36. Nf4+ 1-0

[Event "38th Olympiad"]
[Site "Dresden GER"]
[Date "2008.11.13"]
[Round "1"]
[White "Berlinsky,V"]
[Black "Aderito,P"]
[Result "1-0"]
[WhiteElo "2325"]
[BlackElo "2349"]
[EventDate "2008.11.13"]

1. e4 e6 2. d4 d5 3. Nd2 Nf6 4. e5 Nfd7 5. f4 c5 6. c3 cxd4 7. cxd4 Nc6 8.
Ndf3 Qb6 9. Ne2 f5 10. Nc3 Be7 11. a3 Nf8 12. Na4 Qd8 13. Be3 Bd7 14. Rc1
Na5 15. Nc5 Bxc5 16. dxc5 a6 17. b4 Nc6 18. Be2 Ng6 19. O-O O-O 20. a4 Nxb4
21. Rb1 a5 22. Nd4 Ne7 23. Nb5 Nc8 24. Qb3 Kh8 25. Kh1 Ne7 26. Nd6 Bc6 27.
Bd4 Qd7 28. Ra1 Nc8 29. g4 fxg4 30. Bxg4 Ne7 31. Qh3 Nf5 32. Bxf5 exf5 33.
e6 Qxe6 34. Rae1 Qd7 35. Qh4 Nc2 36. Re7 Nxd4 37. Rxd7 Ne2 38. Rc7 d4+ 39.
Rxc6 bxc6 40. Qe7 1-0

[Event "38th Olympiad"]
[Site "Dresden GER"]
[Date "2008.11.13"]
[Round "1"]
[White "Agnelo,A"]
[Black "Krylov,Sergey"]
[Result "1/2-1/2"]
[WhiteElo "2168"]
[BlackElo "2388"]
[EventDate "2008.11.13"]

1. d4 Nf6 2. c4 g6 3. Nc3 Bg7 4. e4 d6 5. f3 a6 6. Be3 c6 7. a4 Nbd7 8. Nh3
O-O 9. Nf2 c5 10. d5 h5 11. Be2 Re8 12. O-O e6 13. dxe6 Rxe6 14. Qd2 b6 15.
Nh3 Bf8 16. Nf4 Re8 17. Rad1 Bb7 18. Rfe1 Bc6 19. b3 Qb8 20. Bf1 Qb7 21.
Nfd5 Bxd5 22. Nxd5 Nxd5 23. Qxd5 Qxd5 24. Rxd5 Ne5 25. Bf4 f6 26. Red1 Kf7
27. Kf2 Ke6 28. g3 Rad8 29. Bh3+ Kf7 30. Bf1 g5 31. Bxe5 Rxe5 32. Rxe5 fxe5
33. Be2 Kg6 34. Ke3 Be7 35. Rf1 Rf8 36. h3 a5 37. Kd3 Kh6 38. Ke3 Kg6 39.
Kd3 Kh6 1/2-1/2

[Event "38th Olympiad"]
[Site "Dresden GER"]
[Date "2008.11.13"]
[Round "1"]
[White "Solomon,K"]
[Black "Tsang Hon Ki"]
[Result "1-0"]
[WhiteElo "2337"]
[BlackElo "2121"]
[EventDate "2008.11.13"]

1. d4 d5 2. Nf3 Nf6 3. c4 e6 4. Nc3 Be7 5. Bg5 Nbd7 6. e3 O-O 7. Qc2 c6 8.
Rd1 Re8 9. a3 a6 10. Bd3 dxc4 11. Bxc4 Nd5 12. Bf4 Nf8 13. Bg3 Bd7 14. O-O
Rc8 15. Ne4 c5 16. dxc5 Bxc5 17. Qb3 Qa5 18. Rc1 Ba4 19. Qd3 Be7 20. Bxd5
exd5 21. Nc3 Bb3 22. Rfe1 Bf6 23. Nd2 Bc4 24. Qf5 Qd8 25. Red1 g6 26. Qf3
d4 27. Nce4 Rxe4 28. Nxe4 Bg7 29. Nd6 Be6 30. Rxc8 Bxc8 31. Qxf7+ Kh8 32.
Qd5 1-0

[Event "38th Olympiad"]
[Site "Dresden GER"]
[Date "2008.11.13"]
[Round "1"]
[White "Cawdery,D"]
[Black "Lam Mingo Kwok Wai"]
[Result "1-0"]
[WhiteElo "2265"]
[BlackElo "1665"]
[EventDate "2008.11.13"]

1. e4 d6 2. d4 Nf6 3. Nc3 g6 4. f4 Bg7 5. Nf3 c5 6. Bb5+ Bd7 7. e5 Ng8 8.
e6 fxe6 9. Ng5 Bxd4 10. Nxe6 Bxc3+ 11. bxc3 Qa5 12. Rb1 Qxa2 13. Rb3 Bxb5
14. Nc7+ Kd8 15. Nxb5 Qa6 16. c4 Qc6 17. Bb2 Qxg2 18. Rf1 Qe4+ 19. Kf2 1-0

[Event "38th Olympiad"]
[Site "Dresden GER"]
[Date "2008.11.13"]
[Round "1"]
[White "Zambrana,O"]
[Black "Mak Kei Keng"]
[Result "1-0"]
[WhiteElo "2478"]
[BlackElo "2017"]
[EventDate "2008.11.13"]

1. e4 c5 2. Nf3 e6 3. d4 cxd4 4. Nxd4 a6 5. c4 Qc7 6. Nc3 Nf6 7. a3 Be7 8.
Be3 O-O 9. Be2 d6 10. Rc1 Bd7 11. O-O Nc6 12. b4 h6 13. Nd5 Qd8 14. Nxc6
Bxc6 15. Bb6 Qd7 16. Nxe7+ Qxe7 17. e5 Ne8 18. Bf3 f6 19. Bxc6 bxc6 20.
exd6 Nxd6 21. Bc5 Rfd8 22. Qf3 Qc7 23. Qe3 e5 24. Bb6 Qf7 25. Bxd8 Rxd8 26.
Rfd1 Qe7 27. Qc5 Qc7 28. Qa5 Qxa5 29. bxa5 Kf7 30. c5 Nb7 31. Rxd8 Nxd8 32.
Rb1 Ke7 33. Rb6 Kd7 34. Rxa6 Ne6 35. Ra7+ Kc8 36. Re7 Nxc5 37. Rxg7 Ne6 38.
Rf7 c5 39. Rxf6 Nd4 40. a6 Kb8 41. Rxh6 c4 42. Rh8+ Ka7 43. Rc8 c3 44. h4
c2 45. h5 Kb6 46. Rxc2 1-0

[Event "38th Olympiad"]
[Site "Dresden GER"]
[Date "2008.11.13"]
[Round "1"]
[White "Ho Cheng Fai"]
[Black "Cueto,Jo"]
[Result "1/2-1/2"]
[WhiteElo "2041"]
[BlackElo "2320"]
[EventDate "2008.11.13"]

1. d4 d6 2. c4 e5 3. d5 f5 4. Nc3 Nf6 5. Nf3 a5 6. Bg5 Be7 7. Bxf6 Bxf6 8.
e4 f4 9. a3 O-O 10. b4 axb4 11. axb4 Rxa1 12. Qxa1 Na6 13. Qa3 c5 14. dxc6
bxc6 15. c5 Nc7 16. Be2 d5 17. O-O d4 18. Na4 g5 19. Bc4+ Kh8 20. Nb6 g4
21. Nd2 f3 22. g3 Be6 23. Qb3 Qe8 24. Bxe6 Nxe6 25. Ra1 Qh5 26. Qc4 Bg5 27.
Qxe6 Bxd2 28. Ra8 Rxa8 29. Nxa8 Qh3 30. Qe8+ Kg7 31. Qe7+ Kg8 32. Qe8+ Kg7
1/2-1/2